000 00480nam a2200181Ia 4500
005 20250326125239.0
008 250326s9999 xx 000 0 und d
037 _aTextbook
040 _aFMSL
_beng
_cFMSL
041 _aeng
_2eng
084 _aX61:72 L0
_qFMSL
100 _aDillard D
245 0 _aEconomics of John Maynard keynes
_cDillard D
260 _aDelhi
_bDelhi, Vikas
_c1970
300 _a364p
942 _cTB
_hX61:72 L0
999 _c1277179
_d1277179